=LDR 00000nam 2200000 4500 =001 INLIS000000000008312 =005 20200302081504 =035 ##$$a 0010-061300000008312 =008 200302################g##########0#ind## =041 ##$$a Ind =082 ##$$a 153.1 =090 ##$$a 153.1, Mar o =100 ##$$a Markowitz, Karen =245 1#$$a Otak sejuta gigabyte : $b Buku pintar membangun ingatan super /$c Karen Markowitz =260 ##$$a Bandung :$b Kaifa,$c 2002 =300 ##$$a 246 hlm : $b ilus ; $c 26,5 x 20 cm =650 #4$$a Ingatan =850 ##$$a NBPNMAT =020 ##$$a 979-9452-42-2 =084 ##$$a 153.1 MAR o =504 ##$$a Bibliografi: halaman 242; Indeks: halaman 243-246 =990 ##$$a DW00028552 =990 ##$$a 172.117/Pb.2002 =990 ##$$a 172.117/pb.2002